Responses for Show #4962 - Tuesday, March 21, 2006

Contestants

[<< previous game]

Margaret Kickliter, a catering assistant from Palm Harbor, Florida

Patricia DiMaggio, a school registrar from Maynard, Massachusetts

Kate Miller, a human resources assistant from Oxnard, California (whose 1-day cash winnings total $9,500)

[next game >>]

Jeopardy! Round responses

EGGHEADS
SPORTSMEN
THE MATERIAL WORLD
WORLD WAR II: THE HOME FRONT
I THINK I LOVE YOU
IT'S ALL "OVER", BABY
    $200 6
ants

Margaret
    $200 28
John McEnroe

Kate
    $200 16
Velcro

Kate
    $200 10
Churchill

Patricia
    $200 19
Echo

Margaret
    $200 1
overdrawn

Kate
    $500 7
(Margaret: [Shakes head] Um...)
(Alex: Anything? ...Say something!)
(Margaret: Uh, um, [*]?)
(Alex: Yeeee...)
(Margaret: ...who is?)
(Alex: ...eah, you got it in, and we don't penalize you for not phrasing it correctly in the first round of play.)
(Margaret: All right.)
[Alex overturns his ruling during Margaret's interview after the first break.]

Condoleezza Rice

Margaret
    $400 24
(Kate: Who is Yao Min?)
[Originally accepted as correct; reversed before Double Jeopardy!]

Yao Ming

Kate
Triple Stumper
    $400 17
(reinforced) concrete

Kate
    $400 11
Hershey's Kisses

Patricia
    $400 20
Candide

Triple Stumper
    $400 2
to overthrow

Kate
    $600 8
Princeton

Kate
    $600 25
Jerome Bettis

Triple Stumper
    $600 18
ivory

Patricia
    $600 12
nylon seams

Patricia
    $600 21
Lenore

Patricia
    $600 3
overboard

Patricia
    $800 9
philosophy

Kate
    $800 29
Sergio Garcia

Triple Stumper
    $800 27
linoleum

Margaret
    $800 13
Miss America

Patricia
    $800 22
Anna Karenina

Margaret
    $800 4
(Alex: Why are you looking at me when you say that?)
[Laughter]

over the hill

Margaret
    $1000 15
(Kate: What is Physics?)

Economics

Kate
Triple Stumper
    $1000 30
[The ladies chuckle at the sports clue.]
(Alex: You know, I'll ring in and give it to you. His name is [*].)

Sidney Crosby

Triple Stumper
    $1000 26
glassine

Margaret
    $1000 14
the Rose Bowl

Margaret
    $1000 23
D.H. Lawrence

Kate
    $1000 5
overextended

Triple Stumper

Scores at the first commercial break (after clue 14):

Kate Patricia Margaret
$2,000 $2,600 $1,500

Scores at the end of the Jeopardy! Round:

Kate Patricia Margaret
$2,400 $3,800 $4,300

Double Jeopardy! Round responses

BEFORE HE WAS PRESIDENT
MOVIE "&" TV
OLD YORK, OLD YORK
BARTENDING
SCIENCE CLASS
REALLY LONG WORDS
    $400 4
Bill Clinton

Margaret
    $400 14
Will & Grace

Kate
    $400 24
Rome

Patricia
    $400 1
a Gibson

Kate
    $400 11
a magnetic field

Kate
    $400 13
Shakespeare

Patricia
    $800 5
Teddy Roosevelt

Triple Stumper
    $800 15
Lilo & Stitch

Patricia
    $800 25
the Vikings

Patricia
    $800 2
a Major Tom

Kate
    $800 12
(Margaret: What is Saturn?)
(Patricia: What is Jupiter?)
...
(Alex: Triton is something you would associate with the sea, hence, [*]. [*].)

Neptune

PatriciaMargaret
Triple Stumper
    $800 19
DDT

Kate
    $1200 6
Wilson

Margaret
    $1200 16
Longer & Uncut

Kate
    $1200 26
Gothic

Kate
    $1200 3
a rusty nail

Patricia
    $1200 23
10

Triple Stumper
    $1200 20
a hormone

Margaret
    $1600 7
Andrew Johnson

Triple Stumper
    $1600 17
Batman & Robin

Triple Stumper
    $1600 27
[The end-of-round signal sounds.]

William the Conqueror

Patricia
    $1600 9
a zombie

Margaret
    $1600 21
(Alex: [Reading the clue] The "nihil" in flocci-nauci-nihil-i... that long word, suggests...)
[Laughter]
...
(Alex: By the way, I messed up the pronunciation of that long word deliberately.)

nothing

Kate
    $900 8
(Margaret: I don't know.)

Warren G. Harding

Margaret
    $2000 18
(2 of) Dumb & Dumber, Me, Myself, & Irene & Fun with Dick & Jane

Triple Stumper
    $2000 10
(Kate: [On getting the clue right] Oooooh!)

a Girl Scout

Kate
    $2,000 22
(Kate: What is the Catholic Church?)

the Church of England (or the Anglican Church)

Kate

Scores at the end of the Double Jeopardy! Round:

Kate Patricia Margaret
$9,200 $8,200 $7,000

[wagering suggestions for these scores]

Final Jeopardy! Round responses

20th CENTURY LITERATURE
(Alex: And I have a feeling that all three of you have probably read the novel.)
...
(Alex: [On revealing Kate's wager] Not enough, though!)
MargaretWhat is My Antonia
$2,500
PatriciaWhat is My Antonia?
$5,801
KateWhat is My Antonia?
$4,600
My Antonia (by Willa Cather)

Final scores:

Kate Patricia Margaret
$13,800 $14,001 $9,500
2nd place: $2,000 New champion: $14,001 3rd place: $1,000

Game dynamics:

Coryat scores:

Kate Patricia Margaret
$11,200 $8,200 $8,400
17 R,
3 W
(including 1 DD)
13 R,
1 W
11 R,
3 W
(including 2 DDs)

Combined Coryat: $27,800

[game clues] [game scores] [suggest correction]

Game tape date: Unknown
The J! Archive is created by fans, for fans. Scraping, republication, monetization, and malicious use prohibited; this site may use cookies and collect identifying information. See terms. The Jeopardy! game show and all elements thereof, including but not limited to copyright and trademark thereto, are the property of Jeopardy Productions, Inc. and are protected under law. This website is not affiliated with, sponsored by, or operated by Jeopardy Productions, Inc. Join the discussion at JBoard.tv.